Vista normal
Vista MARC
Entrada Materia (personas)
Número de registros utilizados en: 1
001 - CONTROL NUMBER
- control field: 34460
003 - CONTROL NUMBER IDENTIFIER
- control field: Co-BoUCM
005 - DATE AND TIME OF LATEST TRANSACTION
- control field: 20130402095955.0
008 - FIXED-LENGTH DATA ELEMENTS
- fixed length control field: 130402|| aca||aabn | a|a d
040 ## - CATALOGING SOURCE
- Original cataloging agency: Co-BoUCM
- Transcribing agency: Co-BoUCM
100 ## - HEADING--PERSONAL NAME
- Personal name: Baines, Paul
- Dates associated with a name: 1973-
670 ## - SOURCE DATA FOUND
- Source citation: Work cat.: (Co-BoUCM)165170: Baines, Paul 1973-, Marketing, 2011.